Đường cung Hai mươi triều "Đường cung nhị thập triều diễn nghĩa"

Đã lưu trong:
Bibliografiske detaljer
Hovedforfatter: Hứa Khiếu Thiên
Format: Bog
Sprog:Undetermined
Udgivet: Tp HCM Văn Nghệ 2003
Fag:
Tags: Tilføj Tag
Ingen Tags, Vær først til at tagge denne postø!
Thư viện lưu trữ: Trung tâm Học liệu Trường Đại học Cần Thơ
LEADER 00655nam a2200193Ia 4500
001 CTU_56662
008 210402s9999 xx 000 0 und d
020 |b 87000 
082 |a 895.13081 
082 |b Th305/T2 
100 |a Hứa Khiếu Thiên 
245 0 |a Đường cung Hai mươi triều 
245 0 |b "Đường cung nhị thập triều diễn nghĩa" 
245 0 |c Hứa Khiếu Thiên; Ông Văn Tùng và Võ quốc Mạnh biên dịch 
260 |a Tp HCM 
260 |b Văn Nghệ 
260 |c 2003 
650 |a historical fiction, chinese 
980 |a Trung tâm Học liệu Trường Đại học Cần Thơ